000 00650cam0a220020500 4500
001 tmp15411761
003 UPRA
005 20190826100802.0
008 950808s1967 sz eng u
035 _a(Sirsi) r104002
035 _a(UPRA)tmp15411761
040 _cUPRA
110 2 _aNordfinanz-Bank Zurich.
_6A61208.1
245 1 4 _aThe Scandinavian market '67 :
_ba statistical survey of the four Scandinavian countries.
246 3 0 _aScandinavian market, 1967
260 _aZurich,
_c1967.
651 0 _aScandinavia -- Statistics.
_xScandinavia -- Statistics.
_6S47475.1
949 _aDL3
_wlcc
_i-147941
_mMAIN
_tBOOK
_lON-SHELF
004 104002
999 _c162633
_d162633